000 00677nam a2200265 i 4500
001 C2-0257523
003 PPAK
005 20180727224456.0
008 040827s1987 nyua|||| ||||| | eng d
020 _a0394887166
040 _aPPAK
_beng
_cPPAK
_erda
082 0 4 _a428.6
_223
090 0 0 _a428.6
_bHAY
_dK
245 0 0 _aNoah's ark
264 1 _aNew York :
_bRandom House ,
_c1987
300 _a32 pages :
_bcolour illustrations ;
_c23 cm
336 _2rdacontent
_atext
337 _2rdamedia
_aunmediated
338 _2rdacarrier
_avolume
490 1 _aStep into reading
500 _aStep 2
650 1 0 _aReaders
830 0 _aStep into reading
942 _ddc
_cB
999 _c69336
_d69336